Najlepsze Kluby z danego kraju - Statystyki

Ogólne statystyki
  • Ten quiz został rozwiązany 217 razy
  • Średni wynik to 6 z 15
Statystyki odpowiedzi
Państwo Klub % Poprawnych
Hiszpania Real Madryt
78%
Polska Lech Poznań
69%
Niemcy Bayern Monachium
66%
Anglia Manchester City
64%
Turcja Galatasaray
53%
Portugalia Benfica
50%
Francja Paris-saint-germain
49%
Włochy Juventus Turyn
34%
Grecja AEK Ateny
33%
Dania FC Kopenhaga
27%
Rosja Lokomotiv Moskwa
20%
Słowacja Slovan Bratysława
16%
Litwa Śmigły Wilno
2%
Białoruś Futbolny Mińsk
1%
Norwegia Modle FK
1%
Nie znaleziono quizów pasujących do podanych kryteriów
Rozkład punktacji
Procent ludzi z każdym wynikiem
Percentyl według liczby udzielonych odpowiedzi
Twoja historia wyników
Nie rozwiązałeś tego quizu